000 00208nam a22000977a 4500
999 _c168051
_d168051
082 _a
_b
245 _aSamachar sankalpna aavam anuvad/
260 _aNew Delhi:
_bJawahar,
_c2008.
650 _a
942 _cBK